蓝毛衣 (Record no. 63549)

000 -LEADER
fixed length control field 00494nam a22001937a 4500
003 - CONTROL NUMBER IDENTIFIER
control field MPLRDC
005 - DATE AND TIME OF LATEST TRANSACTION
control field 20220104185926.0
008 - FIXED-LENGTH DATA ELEMENTS--GENERAL INFORMATION
fixed length control field 210129b ||||| |||| 00| 0 eng d
020 ## - INTERNATIONAL STANDARD BOOK NUMBER
International Standard Book Number 986-216-482-2
082 ## - DEWEY DECIMAL CLASSIFICATION NUMBER
Classification number 548.1 NOV
100 ## - MAIN ENTRY--PERSONAL NAME
Personal name JACQUELINE NOVOGRATZ
245 ## - TITLE STATEMENT
Title 蓝毛衣
Statement of responsibility, etc. 姜雪影译
250 ## - EDITION STATEMENT
Edition statement 一版一刷
260 ## - PUBLICATION, DISTRIBUTION, ETC.
Place of publication, distribution, etc. 台湾
Name of publisher, distributor, etc. 天下远见出版股份有限公司
Date of publication, distribution, etc. 2010
300 ## - PHYSICAL DESCRIPTION
Other physical details
490 ## - SERIES STATEMENT
Series statement 社会人文. 293
650 ## - SUBJECT ADDED ENTRY--TOPICAL TERM
Topical term or geographic name entry element 贫穷
942 ## - ADDED ENTRY ELEMENTS (KOHA)
Koha item type Book
-- 548.1 NOV
Holdings
Withdrawn status Lost status Source of classification or shelving scheme Damaged status Not for loan Collection code Home library Current library Shelving location Date acquired Cost, normal purchase price Total Checkouts Total Renewals Full call number Barcode Date last seen Date last checked out Price effective from Koha item type Public note
            Malaysian Public Library, Research and Development Centre Malaysian Public Library, Research and Development Centre   29/10/2010 50.10   1 548.1 NOV 00057688 18/03/2021 08/04/2012 18/03/2021 Book mplrdc

© 2022. Malaysian Public Library, Research and Development Centre. All Right ReservedE-mailmplrdc@help.edu.my 

Powered by Koha